The hyperactive child

Bibliographic Details
Main Author: Taylor, Eric
Format: Book

MARC

LEADER 00000cam a2200000 7i4500
001 0000009798
002 000010668
005 20000330.0
020 |a 0356144925 
090 0 0 |a 618.928589   |b TAY 
100 1 |a Taylor, Eric 
245 1 4 |a The hyperactive child 
999 |a 0013703   |b BUKU   |c PINJAMAN   |e PERPUSTAKAAN KOMUNITI PETALING JAYA